| 000 | 00476nam a22001937a 4500 | ||
|---|---|---|---|
| 003 | MPLRDC | ||
| 005 | 20220104123634.0 | ||
| 008 | 210129b ||||| |||| 00| 0 eng d | ||
| 020 | _a957-9593-14-0 | ||
| 082 | _a296 BLM | ||
| 100 | _a鲍黎明 | ||
| 245 |
_a惊异的阴间之旅 _c |
||
| 250 | _a初版 | ||
| 260 |
_a _b发现者出版有限公司 _c1996 |
||
| 300 | _b平 | ||
| 490 | _a现代新知文库. 8 | ||
| 650 | _a通灵术; 心灵术 | ||
| 942 |
_cBK _o296 BLM |
||
| 999 |
_c13000 _d12990 |
||